Lippincott illustrated reviews microbiology / (Record no. 52424)

MARC details
000 -LEADER
fixed length control field 00605nam a2200217Ia 4500
005 - DATE AND TIME OF LATEST TRANSACTION
control field 20260429112119.0
008 - FIXED-LENGTH DATA ELEMENTS--GENERAL INFORMATION
fixed length control field 260429s9999||||xx |||||||||||||| ||und||
020 ## - INTERNATIONAL STANDARD BOOK NUMBER
International Standard Book Number 9789395736510
041 ## - LANGUAGE CODE
Language English
082 ## - DEWEY DECIMAL CLASSIFICATION NUMBER
Classification number 579
Item number MUR
100 ## - MAIN ENTRY--PERSONAL NAME
Personal name Muralidhar, Sumathi
245 #0 - TITLE STATEMENT
Title Lippincott illustrated reviews microbiology /
Statement of responsibility, etc Sumathi Muralidhar
250 ## - EDITION STATEMENT
Edition statement 2nd ed.
260 ## - PUBLICATION, DISTRIBUTION, ETC. (IMPRINT)
Place of publication, distribution, etc Haryana :
Name of publisher, distributor, etc Wolters Kluwer,
Date of publication, distribution, etc 2025.
300 ## - PHYSICAL DESCRIPTION
Extent xv, 1062 p.; pbk
650 ## - SUBJECT ADDED ENTRY--TOPICAL TERM
Topical term or geographic name as entry element Microbiology
700 ## - ADDED ENTRY--PERSONAL NAME
Personal name Cornelissen, Cynthia
700 ## - ADDED ENTRY--PERSONAL NAME
Personal name Hobbs, Marcia Metzgar
700 ## - ADDED ENTRY--PERSONAL NAME
Personal name Shenoy M., Suchitra
942 ## - ADDED ENTRY ELEMENTS (KOHA)
Koha item type Text Books
Holdings
Withdrawn status Lost status Damaged status Not for loan Collection code Home library Location Shelving location Date of Cataloging Source of acquisition Total Checkouts Full call number Barcode Date last seen Price effective from Koha item type
        Non-fiction CUTN Central Library CUTN Central Library Sciences 29/04/2026 CBS Publishers & Distributors, New Delhi - Invoice No. COR/IN/26/11711 on   579 MUR 57504 29/04/2026 29/04/2026 Text Books